Royal Children of Europe (Full Names) - Statistics

General Stats
  • This quiz has been taken 166 times
  • The average score is 8 of 30
Answer Stats
Hint Answer % Correct
Princess Charlotte (UK) Charlotte Elizabeth Diana
90%
Prince George (UK) George Alexander Louis
79%
Isla Phillips (UK) Isla Elizabeth
74%
Prince Louis (UK) Louis Arthur Charles
71%
Princess Ingrid (Norway) Ingrid Alexandra
58%
Princess Estelle (Sweden) Estelle Silvia Ewa Mary
56%
Princess Eleonore (Belgium) Eleonore Fabiola Victoria Anne Marie
50%
Prince Gabriel (Belgium) Gabriel Baudoin Charles Marie
44%
Princess Catharina (Netherlands) Catharina Amalia Beatrix Carmen Victoria
38%
Prince Sverre (Norway) Sverre Magnus
35%
Prince Christian (Denmark) Christian Valdemar Henri John
26%
Princess Leonor (Spain) Leonor de Todos Los Santos
25%
Prince Nikolai (Denmark) Nikolai William Alexander Frederik
25%
Savannah Phillips (UK) Savannah Anne Kathleen
25%
Princess Adrienne (Sweden) Adrienne Josephine Alice
24%
Leah Behn (Norway) Leah Isadora
17%
Princess Isabella (Denmark) Isabella Henrietta Ingrid Margrethe
14%
Princess Josephine (Denmark) Josephine Sophia Ivalo Mathilda
14%
Princess Alexia (Netherlands) Alexia Juliana Marcela Laurentien
11%
Princess Ariane (Netherlands) Ariane Wilhelmina Maxima Ines
11%
Prince Nicolas (Sweden) Nicolas Paul Gustaf
10%
Princess Amalia (Luxembourg) Amalia Gabriela Maria Teresa
8%
Prince Oscar (Sweden) Oscar Carl Olof
8%
Count Claus (Netherlands) Claus Casimir Bernhard Marius Max
4%
Princess Elisabeth (Belgium) Elisabeth Therese Marie Helene
4%
Prince Liam (Luxembourg) Liam Henri Hartmut
4%
Margarita Armstrong Jones (UK) Margarita Elizabeth Rose Alleyne
4%
Prince Charles (Luxembourg) Charles Jean Philippe Joseph Marie Guillaume
3%
Princess Laetitia (Belgium) Laetitia Maria Nora Anna Joachim Zita
3%
Countess Eloise (Netherlands) Eloise Beatrix Sophie Laurence
1%
No matching quizzes found
Score Distribution
Percent of People with Each Score
Percentile by Number Answered
Your Score History
You have not taken this quiz